000 00377nam a22001577a 4500
005 20160625110257.0
008 160625b xxu||||| |||| 00| 0 eng d
020 _a81-7188-311-7
041 _aeng
082 _b10029
245 _aIndia's Manufecturing sector policy friamework
260 _bAcademic Foundation
300 _a350
650 _aManagement
_9241
942 _cBK
999 _c3958
_d3957